Ispol'zovanije osnovnych fondov v promyšlennosti

Saved in:
Bibliographic Details
Main Author: Fedoriščeva, Alina Nikitična
Other Authors: Alymov, Vladimir Aleksandrovič
Format: Book
Language:Russian
Published: Kijev Naukova dumka 1986
Edition:1. izd.
Tags: Add Tag
No Tags, Be the first to tag this record!

MARC

LEADER 00000nam a2200000 4500
001 c024392
005 20221220073822.9
041 0 |a rus 
044 |a UA 
245 1 0 |a Ispol'zovanije osnovnych fondov v promyšlennosti  |c Alina Nikitična Fedoriščeva, Vladimir Aleksandrovič Alymov 
250 |a 1. izd. 
264 1 |a Kijev  |b Naukova dumka  |c 1986 
300 |a 219 s. 
100 1 |a Fedoriščeva, Alina Nikitična 
700 1 |a Alymov, Vladimir Aleksandrovič